000 01357nam a22002177a 4500
001 5775
003 FISKH
005 20250122150835.0
008 250121b cb ||||| |||| 00| 0 eng d
020 _a9780198390220
040 _aFISKH
_beng
_cFISKH
_dFISKH
050 _aPZ7
082 _a500
100 _aLarge, Pam
245 _aComplete Biology for Cambridge Secondary 1 Workbook /
_cby Pam Large
260 _aOxford :
_bOxford University Press ,
_c2013.
300 _a127 pages :
_billustrations ;
_c28 cm .
520 _aEnsure your students reach their full potential at Cambridge Checkpoint level and enable them to confidently leap into Cambridge IGCSERG science study with a solid foundation in Biology. Suitable for independent study, these Workbooks include a wide range of extra revision and practicalmaterial that closely supports all the material in the Student Books, to help students consolidate their learning. Practice tests are set out the Cambridge Checkpoint way, so students can tackle assessments with confidence. Crucial rigour is built in from the start, with exercises designed tochallenge and stretch all abilities, and extension material that smooths the transition to Cambridge IGCSE. Plus, it's endorsed by Cambridge International Examinations, so you know it's comprehensive.
942 _2ddc
_cBK
_n0
999 _c5775
_d5775